00999cam a22002771 4500001001300000003000400013005001700017008004100034010001700075035001900092040005300111042001200164043001200176050002100188100004400209245006000253260002300313300003500336410004600371500014300417504002400560650004100584650004200625650003700667999001700704gs 61000234 DLC20260227111410.0821011s1961 dcuab b f000 0 eng c ags 61000234  a(OCoLC)8850868 aU.S. Geol. Survey. Libr.cMsSMdMsSMdOCoLCdDLC apremarc an-us-mn00aQE75b.C5 no 4441 aRodis, Harry G.q(Harry George),d1927-10aAvailability of ground water in Lyon County, Minnesota. aWashington,c1961. aiii, 7 p.bmap, tables.c27cm.20aGeological Survey (U.S.).tCircular,v444 aPrepared in cooperation with the Division of Waters, Minnesota Dept. of Conservation and the Marshall Municipal Utilities, Marshall, Minn. aBibliography: p. 7. 0aGroundwaterzMinnesotazLyon County. 0aWater-supplyzMinnesotazLyon County. 0aBoringszMinnesotazLyon County. c29554d29554